000 00480nam a2200205 a 4500
001 BRL_68
005 20190320210556.0
008 161012s1936----mx-#######---#000-0#spa-u
041 _aspa
044 _amx
050 4 _aPQ6174.95
_b.F37 1936
100 1 _aFarfan Cano, Isabel
_922824
245 1 0 _aPasos
_cIsabel Farfan Cano.
260 _aMéxico
_bCultura
_c1936
300 _a94 p.
_c24 cm.
500 _aAu87
650 1 4 _aPoesía
_917631
902 _aGRL
942 _2lcc
_cB
999 _c8881
_d8881